| 000 | 00345 a2200145 4500 | ||
|---|---|---|---|
| 001 | 170279 | ||
| 020 | _a | ||
| 040 | _cMagnum | ||
| 100 | _aUniversidade de Salamanca | ||
| 240 | 1 | 0 |
_aCursos de lengua y cultura espanolas 2001 _lESP |
| 245 | 1 | 0 | _aCursos de lengua y cultura espanolas 2001 |
| 362 | 0 | _a1899 | |
| 697 | _aESPANHOL | ||
| 942 | _cBK | ||
| 999 |
_c170279 _d170279 |
||